00349pab a2200133 454500008004000000100001400040245007200054260000900126300001100135362001100146650001400157700002400171773002000195180718b2004 xxu||||| |||| 00| 0 eng d aPal, B.K. aEducation for tomorrow: philosophical perspectives of Sri Aurobindo c2004 ap.6-7. a19 Jan aEducation aTyagi, Harish Kumar aUniversity News